000 00421nam a2200181Ia 4500
001 8713
005 20260306160630.0
008 260306t1985||||xx |||||||||||||| ||spa||
041 _aESP
082 _a371.3
_bH52 1985
100 _aHigueras, Leonardo S.
_eAUT
245 0 _aAprendiendo a pensar
260 _c1985
300 _a176 páginas :
_c21 cm.
650 _aGEN
654 _aCED
942 _cLIB
_dJUS
_fJUS
_2ddc
_n
999 _c8713
_d8713